[Event "LIB-chT"]
[Site "Beirut"]
[Date "2025.01.14"]
[Round "7.4"]
[White "Moudallal, Tarek"]
[Black "Vayanos, George Marwan"]
[Result "0-1"]
[WhiteElo "1883"]
[BlackElo "2049"]
[PlyCount "66"]
[EventDate "2025.01.09"]
[EventType "team-tourn"]
[EventRounds "9"]
[EventCountry "LBN"]
[SourceTitle "CB12_2025"]
[SourceDate "2025.03.19"]
[SourceVersion "1"]
[SourceVersionDate "2025.03.19"]
[SourceQuality "1"]
[WhiteTeam "Ahli Saida"]
[BlackTeam "Antranik Antelias"]
[WhiteTeamCountry "LBN"]
[BlackTeamCountry "LBN"]

1. e4 e5 2. Nf3 Nc6 3. d4 exd4 4. Bc4 Nf6 5. e5 d5 6. Bb5 Ne4 7. Nxd4 Bc5 8. 0-0 0-0 9. Nxc6 bxc6 10. Bxc6 Ba6 11. Bxa8 Bxf1 12. Kxf1 Qh4 13. Qf3 Rxa8 14. Qf4 Qh5 15. f3 Bd4 16. h4 Re8 17. g4 Qxh4 18. fxe4 Qh1+ 19. Ke2 Bxe5 20. Qe3 Bf4 21. Qxf4 Rxe4+ 22. Qxe4 Qxe4+ 23. Kd2 d4 24. Na3 Qxg4 25. Kd3 h5 26. Bd2 h4 27. Nc4 h3 28. Ne5 Qf5+ 29. Kxd4 c5+ 30. Kd5 f6 31. Re1 fxe5 32. Bc3 Qf3+ 33. Kxc5 Qf2+ 0-1

[Event "LIB-chT"]
[Site "Beirut"]
[Date "2025.01.11"]
[Round "3.3"]
[White "Moudallal, Tarek"]
[Black "Housseiny, Ali"]
[Result "1-0"]
[WhiteElo "1883"]
[BlackElo "1663"]
[PlyCount "55"]
[EventDate "2025.01.09"]
[EventType "team-tourn"]
[EventRounds "9"]
[EventCountry "LBN"]
[SourceTitle "CB12_2025"]
[SourceDate "2025.03.19"]
[SourceVersion "1"]
[SourceVersionDate "2025.03.19"]
[SourceQuality "1"]
[WhiteTeam "Ahli Saida"]
[BlackTeam "Sanabel"]
[WhiteTeamCountry "LBN"]
[BlackTeamCountry "LBN"]

1. e4 e5 2. Bc4 Nc6 3. Nc3 Nf6 4. d3 h6 5. f4 Bc5 6. a3 d6 7. f5 Ne7 8. Nf3 Ng4 9. Rf1 c6 10. Qe2 g6 11. fxg6 Nxg6 12. Bxf7+ Kxf7 13. Nxe5+ Kg7 14. Nxg4 Qh4+ 15. Nf2 Bg4 16. Qd2 d5 17. d4 dxe4 18. g3 Qh5 19. Nxg4 Qxg4 20. dxc5 Ne5 21. Qd4 Rhe8 22. Bf4 Rad8 23. Bxe5+ Kh7 24. Rf7+ Kg8 25. Rg7+ Qxg7 26. Bxg7 Rxd4 27. Bxd4 Rd8 28. Be3 1-0

[Event "Beirut op 10th"]
[Site "Beirut"]
[Date "2019.05.02"]
[Round "8"]
[White "Moudallal, Tarek"]
[Black "Nassar, Marc"]
[Result "1/2-1/2"]
[WhiteElo "2043"]
[BlackElo "1909"]
[PlyCount "126"]
[EventDate "2019.04.25"]
[EventType "swiss"]
[EventRounds "9"]
[EventCountry "LBN"]
[SourceTitle "CBM 190 Extra"]
[Source "ChessBase"]
[SourceDate "2019.07.15"]
[SourceVersion "1"]
[SourceVersionDate "2019.07.15"]
[SourceQuality "1"]

1. e4 c5 2. Nc3 e6 3. f4 Nc6 4. Bb5 Nd4 5. Bc4 Nf6 6. Nf3 a6 7. e5 d5 8. Bd3 Nd7 9. 0-0 c4 10. Be2 Bc5 11. Kh1 Nxe2 12. Nxe2 b5 13. d4 Be7 14. Ng3 g6 15. c3 Nb6 16. Bd2 a5 17. a3 Rb8 18. Qe2 Na8 19. Rf2 Nc7 20. Raf1 h6 21. Qd1 Bd7 22. Ne2 h5 23. Ng5 b4 24. axb4 axb4 25. g4 bxc3 26. bxc3 h4 27. Qc2 0-0 28. f5 Bxg5 29. f6 Bxd2 30. Qxd2 Kh7 31. Qg5 Rh8 32. Nf4 Qf8 33. Qxh4+ Qh6 34. Qg3 Kg8 35. Ra2 Qh4 36. Qg2 Nb5 37. Raf2 Nxc3 38. Rf3 Rb1 39. Rh3 Rxf1+ 40. Qxf1 Qxg4 41. Rxc3 Rh4 42. Ne2 Qe4+ 43. Kg1 Rg4+ 44. Rg3 Rxg3+ 45. hxg3 Qe3+ 46. Kh2 c3 47. Nxc3 Qxc3 48. Qf4 Qc2+ 49. Kg1 Qd1+ 50. Kg2 Qe2+ 51. Kg1 Qh5 52. Qc1 Qh3 53. Qa3 g5 54. Qa8+ Kh7 55. Qf8 Qxg3+ 56. Kh1 Kg6 57. Qg7+ Kf5 58. Qxf7 Kg4 59. Qg6 Bb5 60. f7 Bf1 61. Qxe6+ Kh4 62. Qh6+ Kg4 63. Qe6+ Kh4 1/2-1/2

[Event "Beirut op 10th"]
[Site "Beirut"]
[Date "2019.05.01"]
[Round "6"]
[White "Moudallal, Tarek"]
[Black "Hanna, Elie"]
[Result "1-0"]
[WhiteElo "2043"]
[BlackElo "1726"]
[PlyCount "149"]
[EventDate "2019.04.25"]
[EventType "swiss"]
[EventRounds "9"]
[EventCountry "LBN"]
[SourceTitle "CBM 190 Extra"]
[Source "ChessBase"]
[SourceDate "2019.07.15"]
[SourceVersion "1"]
[SourceVersionDate "2019.07.15"]
[SourceQuality "1"]

1. e4 e5 2. Nf3 Nc6 3. d4 exd4 4. Bc4 Bc5 5. c3 Nf6 6. cxd4 Bb4+ 7. Bd2 Nxe4 8. Bxb4 Nxb4 9. Bxf7+ Kxf7 10. Qb3+ d5 11. Ne5+ Ke6 12. Qxb4 c5 13. Qa3 cxd4 14. Nf3 Re8 15. 0-0 Kf7 16. Nxd4 Qb6 17. Nf3 Qd6 18. Qxd6 Nxd6 19. Nc3 Bg4 20. Nd4 Nc4 21. h3 Be6 22. b3 Nd2 23. Rfe1 Rec8 24. Ncb5 Ne4 25. Nxe6 Kxe6 26. f3 a6 27. Nd4+ Ke5 28. Rad1 Rd8 29. fxe4 dxe4 30. Nf3+ Kf4 31. Rxd8 Rxd8 32. Nh2 Rd2 33. g3+ Kf5 34. Rf1+ Ke6 35. Re1 Kd5 36. Nf1 Rxa2 37. Ne3+ Ke5 38. Kf1 Kd4 39. Nf5+ Kd5 40. Nxg7 Rb2 41. Re3 b5 42. Ke1 a5 43. Kd1 a4 44. bxa4 bxa4 45. Kc1 Rf2 46. Nh5 Rf3 47. Re2 Kd4 48. Kc2 a3 49. Kb1 e3 50. Kc2 a2 51. Re1 Rf2+ 52. Kb3 Kd3 53. Nf4+ Ke4 54. Kc3 Kf3 55. Nd3 Rd2 56. g4 Rh2 57. Kd4 e2 58. Ra1 Rxh3 59. Rxa2 Rh2 60. g5 Kg4 61. Ne1 Kxg5 62. Ke3 Rh3+ 63. Kf2 Rh2+ 64. Kg3 Rh1 65. Rxe2 Rh6 66. Nf3+ Kf6 67. Ra2 Rg6+ 68. Kf4 h5 69. Ra6+ Kg7 70. Ra7+ Kh6 71. Kf5 Rb6 72. Ne5 h4 73. Ng4+ Kh5 74. Rh7+ Rh6 75. Rxh6# 1-0

[Event "LIB-ch 44th"]
[Site "Beirut"]
[Date "2019.01.24"]
[Round "7"]
[White "Moudallal, Tarek"]
[Black "Ghassan, Houmsi"]
[Result "1-0"]
[WhiteElo "2027"]
[BlackElo "1852"]
[PlyCount "111"]
[EventDate "2019.01.17"]
[EventType "tourn"]
[EventRounds "11"]
[EventCountry "LBN"]
[SourceTitle "CBM 188 Extra"]
[Source "ChessBase"]
[SourceDate "2019.02.28"]
[SourceVersion "1"]
[SourceVersionDate "2019.02.28"]
[SourceQuality "1"]

1. e4 c5 2. Nc3 Nc6 3. Bb5 e6 4. f4 Qc7 5. d3 a6 6. Bxc6 Qxc6 7. Nf3 d6 8. 0-0 Nf6 9. e5 Nd7 10. Qe2 Be7 11. Ne4 b6 12. Bd2 h6 13. c4 Bb7 14. Bc3 0-0 15. Rf2 Rae8 16. Raf1 f5 17. Nxd6 Bxd6 18. exd6 Qxd6 19. b3 Bxf3 20. Rxf3 Nf6 21. Re1 Rf7 22. Be5 Qc6 23. h3 Nd7 24. Bc3 Qd6 25. Re3 Nf8 26. Be5 Qd7 27. Qh5 Kh7 28. Rg3 g6 29. Qe2 Qe7 30. Re3 Nd7 31. Ba1 Nf8 32. Qb2 g5 33. fxg5 hxg5 34. Qh8+ Kg6 35. Qg8+ Kh6 36. Qh8+ Rh7 37. Qe5 Qf7 38. Bb2 Kg6 39. Qd6 Qc7 40. Rxe6+ Nxe6 41. Rxe6+ Rxe6 42. Qxe6+ Kh5 43. Qxf5 Rf7 44. Bf6 Qg3 45. Qe6 Rf8 46. Qe7 Rxf6 47. Qxf6 Qe3+ 48. Kh2 Qd2 49. a3 a5 50. Qf3+ Kg6 51. Qe4+ Kh6 52. Kg3 Qc3 53. Kg4 Qf6 54. h4 gxh4 55. Qf4+ Qxf4+ 56. Kxf4 1-0

[Event "Beirut Christmas op 20th"]
[Site "Beirut"]
[Date "2018.12.23"]
[Round "2"]
[White "Khalili, Moustafa"]
[Black "Moudallal, Tarek"]
[Result "0-1"]
[WhiteElo "1768"]
[BlackElo "2027"]
[PlyCount "59"]
[EventDate "2018.12.22"]
[EventType "swiss"]
[EventRounds "7"]
[EventCountry "LBN"]
[SourceTitle "CBM 188 Extra"]
[Source "ChessBase"]
[SourceDate "2019.02.28"]
[SourceVersion "1"]
[SourceVersionDate "2019.02.28"]
[SourceQuality "1"]

1. e4 g6 2. Nf3 Bg7 3. Nc3 c5 4. h4 h5 5. d4 cxd4 6. Nxd4 Nc6 7. Nxc6 bxc6 8. Be3 Qa5 9. Bd4 e5 10. Be3 Nf6 11. Qd3 0-0 12. Be2 d5 13. Bd2 Qc7 14. 0-0-0 d4 15. Na4 c5 16. f3 Be6 17. c4 Nd7 18. g4 Nb6 19. Nxb6 axb6 20. a3 b5 21. cxb5 c4 22. Qc2 c3 23. Kb1 Rfc8 24. Bc1 Bf8 25. Bd3 f6 26. g5 Qf7 27. Qh2 cxb2 28. Bxb2 Bxa3 29. Bxa3 Rxa3 30. Rd2 0-1

[Event "Beirut Christmas op 20th"]
[Site "Beirut"]
[Date "2018.12.22"]
[Round "1"]
[White "Moudallal, Tarek"]
[Black "Khatib, Mohamad"]
[Result "1-0"]
[WhiteElo "2027"]
[BlackElo "1487"]
[PlyCount "65"]
[EventDate "2018.12.22"]
[EventType "swiss"]
[EventRounds "7"]
[EventCountry "LBN"]
[SourceTitle "CBM 188 Extra"]
[Source "ChessBase"]
[SourceDate "2019.02.28"]
[SourceVersion "1"]
[SourceVersionDate "2019.02.28"]
[SourceQuality "1"]

1. e4 e5 2. Nf3 Nc6 3. d4 exd4 4. Bc4 Nf6 5. e5 d5 6. Bb5 Ne4 7. Nxd4 Bd7 8. Bxc6 bxc6 9. 0-0 Be7 10. f3 Nc5 11. Be3 0-0 12. Nc3 Ne6 13. Nb3 f6 14. f4 fxe5 15. fxe5 Rxf1+ 16. Qxf1 Bg5 17. Qd3 Bxe3+ 18. Qxe3 Qe7 19. Rf1 Qg5 20. Qxg5 Nxg5 21. Nc5 Rd8 22. Ne2 Ne6 23. Nxe6 Bxe6 24. Nd4 Re8 25. b4 Bd7 26. Re1 Rf8 27. e6 Be8 28. g3 Rf6 29. Re3 Rg6 30. Ra3 Rg4 31. c3 h5 32. Rxa7 h4 33. Kf2 1-0

[Event "Beirut op 9th"]
[Site "Beirut"]
[Date "2017.10.01"]
[Round "3"]
[White "Moudallal, Tarek"]
[Black "Arkadan, Adib"]
[Result "1-0"]
[WhiteElo "2062"]
[BlackElo "1346"]
[PlyCount "41"]
[EventDate "2017.09.30"]
[EventType "swiss"]
[EventRounds "9"]
[EventCountry "LBN"]
[SourceTitle "CBM 181 Extra"]
[Source "ChessBase"]
[SourceDate "2017.12.12"]
[SourceVersion "1"]
[SourceVersionDate "2017.12.12"]
[SourceQuality "1"]

1. e4 c6 2. d4 d5 3. exd5 cxd5 4. Bd3 Nf6 5. c3 e6 6. Bf4 Nc6 7. Nd2 Bd6 8. Bg3 Qe7 9. Ngf3 Bd7 10. Ne5 0-0 11. 0-0 Nxe5 12. dxe5 Ne8 13. f4 f5 14. Qh5 g6 15. Qh3 Ng7 16. Bh4 Qf7 17. Be2 Rac8 18. Nf3 a6 19. Bf6 h5 20. Ng5 Qe8 21. Rf3 1-0

[Event "Soviet Alumni op"]
[Site "Soviet Alumni"]
[Date "2016.12.29"]
[Round "6"]
[White "Moudallal, Tarek"]
[Black "El Jawich, Amro"]
[Result "0-1"]
[WhiteElo "2026"]
[BlackElo "2243"]
[PlyCount "62"]
[EventDate "2016.12.22"]
[EventType "swiss"]
[EventRounds "7"]
[EventCountry "LBN"]
[SourceTitle "CBM 176 Extra"]
[Source "ChessBase"]
[SourceDate "2017.03.02"]
[SourceVersion "1"]
[SourceVersionDate "2017.03.02"]
[SourceQuality "1"]

1. e4 c5 2. Nc3 Nc6 3. f4 g6 4. Nf3 Bg7 5. Bb5 Nd4 6. Bd3 d6 7. Nxd4 cxd4 8. Ne2 e5 9. Bb5+ Bd7 10. Bxd7+ Qxd7 11. d3 Ne7 12. 0-0 f5 13. c3 dxc3 14. Nxc3 0-0 15. Be3 Rf7 16. Rc1 d5 17. exd5 exf4 18. Bxf4 Nxd5 19. Nxd5 Qxd5 20. Qc2 Qxa2 21. b3 Qxc2 22. Rxc2 Bd4+ 23. Kh1 a5 24. Rfc1 b5 25. h4 a4 26. bxa4 bxa4 27. Rc8+ Rf8 28. Rxf8+ Kxf8 29. Rc4 Bb2 30. Kh2 a3 31. Bc1 Be5+ 0-1

[Event "Soviet Alumni op"]
[Site "Soviet Alumni"]
[Date "2016.12.22"]
[Round "1"]
[White "Moudallal, Tarek"]
[Black "El Jawich, Muhammad"]
[Result "1-0"]
[WhiteElo "2026"]
[BlackElo "1241"]
[PlyCount "56"]
[EventDate "2016.12.22"]
[EventType "swiss"]
[EventRounds "7"]
[EventCountry "LBN"]
[SourceTitle "CBM 176 Extra"]
[Source "ChessBase"]
[SourceDate "2017.03.02"]
[SourceVersion "1"]
[SourceVersionDate "2017.03.02"]
[SourceQuality "1"]

1. e4 e6 2. d4 d5 3. Nc3 Nf6 4. Bg5 Be7 5. e5 Nfd7 6. h4 c5 7. Nb5 Qa5+ 8. c3 a6 9. Bxe7 Kxe7 10. Nd6 Nc6 11. Qh5 Rf8 12. Qg5+ Nf6 13. Qxg7 Ne4 14. Bd3 Nxc3 15. Kf1 Nb5 16. dxc5 Nc7 17. Bxh7 Qxc5 18. Bg8 Nxe5 19. Qxe5 Qxd6 20. Qg5+ Ke8 21. h5 Qc6 22. h6 Qc4+ 23. Ne2 Qc2 24. h7 Qxb2 25. Rc1 Qh8 26. Rxc7 Qa1+ 27. Qc1 Qh8 28. Rxc8+ Rxc8 1-0

[Event "LIB-ch 42nd"]
[Site "Beirut"]
[Date "2016.12.04"]
[Round "10"]
[White "Abdulaziz, Mahmoud"]
[Black "Moudallal, Tarek"]
[Result "1-0"]
[WhiteElo "2126"]
[BlackElo "2026"]
[PlyCount "51"]
[EventDate "2016.11.23"]
[EventType "tourn"]
[EventRounds "11"]
[EventCountry "LBN"]
[SourceTitle "CBM 175 Extra"]
[Source "ChessBase"]
[SourceDate "2016.12.12"]
[SourceVersion "1"]
[SourceVersionDate "2016.12.12"]
[SourceQuality "1"]

1. c4 e5 2. Nc3 Nc6 3. g3 f5 4. Bg2 Nf6 5. e3 d5 6. d4 e4 7. Nge2 dxc4 8. 0-0 Bb4 9. d5 Bxc3 10. Nxc3 Ne5 11. Qd4 Qe7 12. b3 cxb3 13. axb3 0-0 14. Ba3 Qe8 15. Bxf8 Kxf8 16. f4 Nd3 17. Rxa7 Rxa7 18. Qxa7 Qd8 19. Rd1 Nxd5 20. Rxd3 exd3 21. Bxd5 c6 22. Qc5+ Qe7 23. Qxe7+ Kxe7 24. Bc4 d2 25. Kf2 b5 26. Be2 1-0